1720 1252 1948 1683 1794 1590 1021 1185 1932 1433 1837 1455 1718 1916 1111 1503 1170 1393 1792 1222 1387 1736 1494 1116 1388 1758 1213 1538 1730 1122 1805 1672 1381 1093 1140 1758 1128 1937 1414 1048 1603 1027 1017 1747 1018 1589 1495 1799 1325 1048 1208 1995 1300 1959 1984 1517 1812 1403 1110 1578 1019 1953 1427 1390 1643 1218 1245 1187 1142 1260 1152 1713 1322 1795 1265 1561 1538 1799 1264 1717 1627 1758 1147 1417 1090 1416 1455 1206 1244 1208 1373 1795 1282 1877 1783 1453 1529 1282 1154 BCNSPRNW ULIB Ver.6.0+V

เปลี่ยนเป็นภาษาไทย

Change to English
 แสดงรายละเอียดบรรณานุกรม
  กลับหน้าหลัก

Brief Record : Get Marc (ISO 2709) : E-mail record : QR code < ปิดหน้าต่าง
LEADER : 00000nam 2200000uu 4500
001    13399128686
003     ULIB
008    240702s2567||||th 000 0 tha d
020    ^a9786165889223
060    ^aWW290 บ582ภ
100    ^aบุญส่ง วนิชเวชารุ่งเรือง
245    ^aภาพในโรคต้อหิน Ocular Imaging in Glaucoma
250    ^aพิมพ์ครั้งที่ 1
260    ^aกรุงเทพมหานคร :^bสหมิตรพัฒนาการพิมพ์(1992),^c2565
300    ^a340 หน้า^bภาพประกอบ, ตาราง, ภาคผนวก
650    ^aต้อหิน, โรค
650    ^aจักษุวิทยา
945    ^p800^l0^i010462
945    ^p800^l0^i010463
945    ^p800^l0^i010464
945    ^p800^l0^i010465
945    ^p800^l0^i010466
999    ^aประนอม เกษจรัล
รายการนี้ยังไม่มีแท็ก
คุณยังไม่ได้ล็อกอิน คุณสามารถมีกิจกรรมร่วมกับเว็บไซต์ได้ แต่ต้องล็อกอินก่อน ::
  ล็อกอิน

รายการสื่อสารสนเทศ

ลำดับที่ ประเภท เลขเรียก/บาร์โค้ด สถานที่ สถานะ
1. วิทยาศาสตร์การแพทย์ และสุขภาพ
หนังสือสำรอง
สถานะ=หนังสือสำรอง
WW290 บ582ภ ฉ.1 
  Barcode: 010462
ห้องสมุดวิทยาเขตสวรรค์ประชารักษ์
►หนังสือทั่วไป
บนชั้น
2. วิทยาศาสตร์การแพทย์ และสุขภาพ
วิทยาศาสตร์การแพทย์ และสุขภาพ
WW290 บ582ภ ฉ.2 
  Barcode: 010463
ห้องสมุดวิทยาเขตสวรรค์ประชารักษ์
►หนังสือทั่วไป
บนชั้น
3. วิทยาศาสตร์การแพทย์ และสุขภาพ
วิทยาศาสตร์การแพทย์ และสุขภาพ
WW290 บ582ภ ฉ.3 
  Barcode: 010464
ห้องสมุดวิทยาเขตสวรรค์ประชารักษ์
►หนังสือทั่วไป
บนชั้น
4. วิทยาศาสตร์การแพทย์ และสุขภาพ
วิทยาศาสตร์การแพทย์ และสุขภาพ
WW290 บ582ภ ฉ.4 
  Barcode: 010465
ห้องสมุดวิทยาเขตสวรรค์ประชารักษ์
►หนังสือทั่วไป
บนชั้น
5. วิทยาศาสตร์การแพทย์ และสุขภาพ
วิทยาศาสตร์การแพทย์ และสุขภาพ
WW290 บ582ภ ฉ.5 
  Barcode: 010466
ห้องสมุดวิทยาเขตสวรรค์ประชารักษ์
►หนังสือทั่วไป
บนชั้น

รายการใกล้เคียง
    ผู้แต่ง [บุญส่ง วนิชเวชารุ่งเรือง]

    หัวเรื่อง [จักษุวิทยา]

BibComment


ยังไม่เคยถูกคอมเมนท์

คอมเมนท์ทรัพยากรรายการนี้
  คอมเมนท์: ภาพในโรคต้อหิน O..


 Copyright 2026. Bcnsprnw @Library